Statistics for TV Shows by Picture #1

Click here to take the quiz!

General Stats

  • This quiz has been taken 177 times
  • The average score is 9 of 15

Answer Stats

Answer% Correct
The Crown
84%
Scorpion
74%
Soap
73%
The Office
72%
The Wire
72%
House
70%
Bones
68%
ER
63%
Taxi
61%
Cheers
58%
Planet Earth
50%
Twin Peaks
43%
Roots
31%
M*A*S*H
16%
Blackadder
15%

Score Distribution

Percentile by Number Answered

Percent of People with Each Score

Your Score History

You have not taken this quiz